Royalist in politics; (Record no. 86848)

MARC details
000 -LEADER
fixed length control field 00852cam a22002531 4500
001 - CONTROL NUMBER
control field sa 68015973
003 - CONTROL NUMBER IDENTIFIER
control field DLC
005 - DATE AND TIME OF LATEST TRANSACTION
control field 20260227112651.0
008 - FIXED-LENGTH DATA ELEMENTS--GENERAL INFORMATION
fixed length control field 700630s1968 ii b 000 0 eng
010 ## - LIBRARY OF CONGRESS CONTROL NUMBER
LC control number sa 68015973 //r953
025 ## - OVERSEAS ACQUISITION NUMBER
Overseas acquisition number PL480:I-E-9696
040 ## - CATALOGING SOURCE
Original cataloging agency DLC
Transcribing agency DLC
Modifying agency DLC
050 00 - LIBRARY OF CONGRESS CALL NUMBER
Classification number PS3509.L43
Item number Z887 1968b
082 00 - DEWEY DECIMAL CLASSIFICATION NUMBER
Classification number 821/.9/12
100 10 - MAIN ENTRY--PERSONAL NAME
Personal name Verma, Rajendra.
245 10 - TITLE STATEMENT
Title Royalist in politics;
Remainder of title T. S. Eliot and political philosophy.
260 0# - PUBLICATION, DISTRIBUTION, ETC.
Place of publication, distribution, etc. Bombay,
-- New York,
Name of publisher, distributor, etc. Asia Pub. House
Date of publication, distribution, etc. [1968]
300 ## - PHYSICAL DESCRIPTION
Extent xi, 192 p.
Dimensions 23 cm.
350 ## - PRICE (NR) (BK AM CF MU VM SE) [OBSOLETE]
Price 22.00
500 ## - GENERAL NOTE
General note A revision of the author's thesis, Nagpur University, 1955.
504 ## - BIBLIOGRAPHY, ETC. NOTE
Bibliography, etc. note Bibliographical footnotes.
600 10 - SUBJECT ADDED ENTRY--PERSONAL NAME
Personal name Eliot, T. S.
Fuller form of name (Thomas Stearns),
Dates associated with a name 1888-1965
General subdivision Political and social views.
650 #0 - SUBJECT ADDED ENTRY--TOPICAL TERM
Topical term or geographic name entry element Politics and literature
Geographic subdivision Great Britain
General subdivision History
Chronological subdivision 20th century.

No items available.

Powered by Koha